banner koha

Flora das cangas da Serra dos Carajás, Pará, Brasil: Opiliaceae (Registro n. 331493)

MARC details
000 -LÍDER
fixed length control field 01859nab a2200241 i 4500
003 - CÓDIGO MARC DA AGÊNCIA CATALOGADORA
Campo de controle BR-BrBNA
005 - DATA E HORA DA ÚLTIMA ATUALIZAÇÃO
Campo de controle 20250514111630.0
008 - CAMPO DE TAMANHO FIXO
fixed length control field 250514b2017 bl.qr|pooa||| 00| 0 por |
040 ## - FONTE DA CATALOGAÇÃO
Agência catalogadora BR-BrBNA
Idioma da catalogação por
072 ## - CATEGORIA AGRIS
Código AGRIS F70
100 ## - ENTRADA PRINCIPAL - NOME PESSOAL
Nome pessoal Ramalho, Aline Joseph
100 ## - ENTRADA PRINCIPAL - NOME PESSOAL
Nome pessoal Zappi, Daniela Cristina
245 ## - TÍTULO PRINCIPAL
Título principal Flora das cangas da Serra dos Carajás, Pará, Brasil: Opiliaceae
500 ## - NOTA GERAL
Nota geral Publicação on-line; 5 ref.; 1 illus.; Summaries (En, Pt)
942 ## - ADDED ENTRY ELEMENTS (KOHA)
Koha item type Analítica
520 ## - NOTA DE RESUMO
Nota de conteúdo <br/><br/>Resumo<br/><br/>O presente estudo apresenta o tratamento taxonômico de Opiliaceae para as formações de canga da Serra<br/>dos Carajás (Pará, Brasil), onde foi registrada apenas uma espécie, Agonandra silvatica Ducke, táxon de<br/>distribuição Neotropical (Guianas, Equador, Peru, Brasil e Norte da Bolivia). São apresentadas descrição<br/>detalhada, comentários e fotografias em campo da espécie.<br/><br/>Palavras-chave: Agonandra silvatica, canga, FLONA Carajás, Santalales, taxonomia.<br/><br/><br/><br/><br/>Abstract<br/><br/>This study presents the taxonomic treatment of Opiliaceae for the canga formations of Serra dos Carajás<br/>(Pará state, Brazil), where only one species was recorded, Agonandra silvatica Ducke, a taxon of Neotropical<br/>distribution (The Guianas, Ecuador, Peru, Brazil, and Northern Bolivia). Detailed description, comments and<br/>photos in the field of the species are presented.<br/><br/>Key words: Agonandra silvatica, canga, FLONA Carajás, Santalales, taxonomy
650 ## - ASSUNTO - THESAGRO
Cabeçalho tópico ou nome geográfico CARAJÁS
650 ## - ASSUNTO - THESAGRO
Cabeçalho tópico ou nome geográfico TAXONOMIA
650 ## - ASSUNTO - THESAGRO
Cabeçalho tópico ou nome geográfico OPILIACEAE
773 0# - ENTRADA ANALÍTICA
Host Biblionumber 709
Registro do item 350025
Imprenta Rio de Janeiro-RJ Jardim Botanico do Rio de Janeiro 1935
Outro identificador 2025-2634
Título Rodriguésia (Brazil)
ISSN 0370-6583; 2175-7860 on-line
Colação v. 68(3 special number) p. 1059-1061; (2017)
Número de controle de registro BR2025000955
856 ## - ACESSO E ENDEREÇO ELETRÔNICO
Identificador uniforme de recurso - URI https://www.scielo.br/j/rod/a/MCb6YtKwJykDL3mL4WBLNXh/?format=pdf&lang=pt

Nenhum exemplar disponível.

BINAGRI

Telefone: (61)3218-2567/2388/3357/2097 - binagri@agro.gov.br

Ministério da Agricultura e Pecuária , Esplanada dos Ministérios, Bloco D, Anexo B, Brasília/DF, CEP: 70.043-900